[Event "GER-ch U25-B"]
[Site "Willingen"]
[Date "2023.06.03"]
[Round "9"]
[White "Duchstein, Anna"]
[Black "Derhay, Davyd"]
[Result "0-1"]
[WhiteElo "1568"]
[BlackElo "1376"]
[PlyCount "106"]
[EventDate "2023.05.27"]
[EventType "swiss"]
[EventRounds "9"]
[EventCountry "GER"]
[SourceTitle "CBM 214 Extra"]
[Source "ChessBase"]
[SourceDate "2023.07.31"]
[SourceVersion "1"]
[SourceVersionDate "2023.07.31"]
[SourceQuality "1"]

1. Nf3 d5 2. g3 c5 3. Bg2 Nc6 4. d4 Nf6 5. 0-0 Bf5 6. c4 e6 7. Nc3 Nb4 8. Bg5 Be7 9. dxc5 Nc2 10. Rc1 dxc4 11. Nh4 Nd4 12. Qa4+ Nd7 13. Nxf5 Nxf5 14. Bxe7 Nxe7 15. Bxb7 Rb8 16. c6 Nc5 17. Qxc4 Qd6 18. Rfd1 Qe5 19. Nb5 Nxb7 20. cxb7 0-0 21. Rd7 Nd5 22. Qc5 Qxe2 23. Nc7 Nb6 24. Rdd1 Rxb7 25. Nb5 Na4 26. Qc4 Qxc4 27. Rxc4 Nxb2 28. Nd6 Rd7 29. Rb1 Nxc4 30. Nxc4 Rd4 31. Ne5 Ra4 32. Rb2 g5 33. h3 Kg7 34. Kg2 f6 35. Nd7 Rc8 36. Nb8 Rc7 37. Re2 Rc8 38. Rb2 Rc7 39. Re2 Kf7 40. Rd2 Ra5 41. Rb2 Ke7 42. g4 Kd8 43. Kg3 Kc8 44. Kg2 Rb7 45. Rxb7 Kxb7 46. Nd7 Kc7 47. Nxf6 Rxa2 48. Nxh7 Ra5 49. Nf6 Re5 50. f3 a5 51. Ne4 Rxe4 52. fxe4 a4 53. h4 a3 0-1